| 000 | 01001nam a22002055i 4500 | ||
|---|---|---|---|
| 001 | 153578 | ||
| 003 | ES-MaACL | ||
| 005 | 20230906205307.0 | ||
| 008 | 950223s1799 sp |||| | spa d | ||
| 040 |
_aGA _bspa _cCCPB | SIC |
||
| 100 | 0 |
_aDuchesne, Jean-Baptiste-Philoppoteau. _945828 |
|
| 245 | 1 | 0 |
_aCompendio de la historia de España / _cescrita en francés por el R.P. Duchesne ... ; traducido al castellano por el R.P. Joseph Francisco de Isla ; con algunas notas críticas que pueden servir de suplemento por el mismo traductor ; corregido y enmendado de orden del Consejo ; tomo segundo que contiene las dos últimas partes. |
| 260 |
_aMadrid : _ben la Imprenta Real : _bpor don Pedro Pereyra ..., _c1799. |
||
| 300 |
_a426 p. ; _c8º. |
||
| 597 | 1 | _aSign. : A-Z<8>, 2A-2C<8>, 2D<4>, 2E<1> | |
| 651 | 4 |
_aEspaña- _xHistoria. _98209 |
|
| 700 | 0 |
_aIsla, José Francisco de. _965573 |
|
| 852 |
_aES-MaACL _jR-608-09 _z-- Enc. piel con hierros _x-- Olim: F-2187-8 |
||
| 999 |
_c153578 _d153578 |
||